El Banco Castellano entre 1936 y 1970 / Texto: José Víctor Arroyo Martín ; gerente: Milagros Zabaleta Sarasua José Víctor Arroyo Martín ; gerente:
Descripción Física:
100 p. . il. ; 25 cm
Colección:
Estudios bancarios
Otros Autores:
Zabaleta Sarasua, Milagros
MARC
| LEADER | 00000nam a2200000Ia 4500 | ||
|---|---|---|---|
| 001 | 12313 | ||
| 008 | 160829s1999 xx 000 0 cat d | ||
| 080 | |a M-3-302 | ||
| 100 | |a Arroyo, J. Víctor |9 23811 | ||
| 245 | |a El Banco Castellano entre 1936 y 1970 / Texto: |b José Víctor Arroyo Martín ; gerente: |b Milagros Zabaleta Sarasua | ||
| 260 | |a Bilbao : |b Banco Bilbao Vizcaya, Archivo Històrico, |c 1999 | ||
| 300 | |a 100 p. . il. ; |c 25 cm | ||
| 490 | |a Estudios bancarios | ||
| 650 | |a Banco Castellano |x Història |x 1936/1970 |9 26345 | ||
| 700 | |a Zabaleta Sarasua, Milagros |9 34846 | ||
| 901 | |a Arxiu | ||
| 942 | |n 1 | ||
| 952 | |0 0 |1 0 |4 0 |6 M3302 |7 1 |9 43962 |a Arxiu |b Arxiu |d 2016-12-01 |l 0 |o M-3-302 |p 12313 |r 2016-12-01 00:00:00 |w 2016-12-01 |y ARXIU | ||
| 999 | |c 46542 |d 46542 | ||